000 00886cam a2200217 4500
001 3672
005 20181127171732.0
008 000204s2003 caua 000 0 eng
010 _a 00023319
020 _a0881393126
130 0 _aTripitaka.
_pSutrapitaka.
_pKsitigarbhasutra.
_lEnglish.
245 1 0 _aSutra of the past vows of Earth Store Bodhisattva /
_cEnglish translation by the Buddhist Text Translation Society.
246 3 _aEarth Store Bodhisattva
250 _a2nd ed.
260 _aBurlingame, Calif. :
_bThe Society, Dharma Realm Buddhist University, Dharma Realm Buddhist Association,
_c2003.
300 _aix, 127 p. :
_bill. ;
_c22 cm.
546 _aTranslated from the Chinese translation (by Shikshananda of Udyana) of the Sanskrit original.
650 0 _aKsitigarbha (Buddhist deity)
700 0 _aSiksananda,
_d652-710.
710 2 _aBuddhist Text Translation Society.
999 _c2996
_d2996